00570nam a22001577a 450000500170000000800410001702000190005808200220007710000340009924500580013326000320019130000190022350000400024250500540028265000760033620231102152056.0181011t2013 mx |||||r|||| 00| 0 spa d a9786071713704  4a384.02672bM816le1 aMoreno Padilla, Javiereautor aLeyes de telecomunicacionesc / Javier Moreno Padilla3 aMéxicob: Trillasc, 2013 a1102 páginas aIncluye: glosario (pp. 1081 - 1102) aLeyes Reglamentos Acuerdos, resoluciones y reglas14aTELECOMUNICACIONESvTELECOMUNICACIONES LEYES Y LEGISLACIONESzMÉXICO